=LDR 00000nam 2200000 4500 =001 INLIS000000000061386 =005 20221012081918 =035 ##$$a 0010-1022000127 =007 ta =008 221012###########################0#ind## =020 ##$$a 978-602-6934-33-8 =082 ##$$a 650.1 =084 ##$$a 650.1 Efe m =100 #$$a Efendi Syafii =245 1#$$a My Enemy Is Me : $b Seni Mengatur Waktu Untuk Sukses di Usia Muda /$c Efendi Syafii =260 ##$$a Yogyakarta :$b Writing Revolution,$c 2016 =300 ##$$a 86 halaman : $b ilustrasi ; $c 18 cm =650 #4$$a Sukses =990 ##$$a 24222422